[Event "PT-ROC"]
[Site "http://www.queenalice.com/game.php?id=842999"]
[Date "2010.10.7"]
[Round "-"]
[White "rogeriooliveira"]
[Black "gribl83"]
[Result "1-0"]
[WhiteElo "1525"]
[BlackElo "1232"]

1. e4 e5 2. d4 exd4 3. Qxd4 Nc6 4. Qd5 Nf6 5. Qd3 Bd6 6. Qe2 O-O 7. Nf3 Re8 8.
Nc3 Ne5 9. Nxe5 Bxe5 10. Bg5 Bxc3+ 11. bxc3 h6 12. Bxf6 Qxf6 13. f3 Qxc3+ 14.
Qd2 1-0

[Event "Let's Play Chess!"]
[Site "http://www.queenalice.com/game.php?id=1261203"]
[Date "2014.3.4"]
[Round "-"]
[White "gribl83"]
[Black "MeisterM"]
[Result "1-0"]
[WhiteElo "1210"]
[BlackElo "1345"]

1. e4 e5 2. Nf3 f6 3. Nxe5 fxe5 4. Qh5+ g6 5. Qxe5+ Be7 6. Qxh8 Bf6 7. Qxg8+ Ke7
8. Qxh7+ Ke6 9. Qxg6 Nc6 10. d4 Nxd4 11. Na3 c5 12. Bc4+ Kd6 13. O-O b6 14. Bf4+
Ke7 15. Bg5 Qf8 16. Qxf6+ Ke8 17. Qd8# 1-0

[Event "Let's Play Chess!"]
[Site "http://www.queenalice.com/game.php?id=1261517"]
[Date "2014.3.4"]
[Round "-"]
[White "magalhaes_br"]
[Black "gribl83"]
[Result "0-1"]
[WhiteElo "1432"]
[BlackElo "1529"]

1. e4 e5 2. Nf3 Nc6 3. Bc4 Bc5 4. d3 Nf6 5. Ng5 O-O 6. Qf3 Nd4 7. Qd1 c6 8. Bd2
d5 9. exd5 cxd5 10. b4 dxc4 11. bxc5 cxd3 12. cxd3 Qd5 13. Rg1 Qxc5 14. Nc3 Bg4
15. f3 Nxf3+ 16. Ke2 Nxg1+ 17. Ke1 Bxd1 18. Rxd1 Ng4 19. Rc1 Qf2+ 20. Kd1 Ne3+
21. Bxe3 Qxe3 22. Kc2 Ne2 23. Nxe2 Qxe2+ 24. Kc3 Rac8+ 25. Kb3 Rxc1 26. Nf3
Qxd3+ 27. Kb4 Qc4+ 28. Ka3 Rb1 29. Nd2 Qa6# 0-1

[Event "open game"]
[Site "http://www.queenalice.com/game.php?id=1261714"]
[Date "2014.3.5"]
[Round "-"]
[White "zondervan"]
[Black "gribl83"]
[Result "0-1"]
[WhiteElo "1430"]
[BlackElo "1299"]

1. e4 e5 2. f4 exf4 3. Bc4 d5 4. Bxd5 Nf6 5. Nf3 Bg4 6. d3 Nxd5 7. exd5 Qxd5 8.
Bxf4 Bd6 9. Nc3 Qa5 10. Qd2 O-O 11. O-O-O Nc6 12. Bh6 gxh6 13. Qxh6 Qf5 14. Rdf1
Bf4+ 15. Qxf4 Qxf4+ 0-1

[Event "Let's Play Chess!"]
[Site "http://www.queenalice.com/game.php?id=1262090"]
[Date "2014.3.5"]
[Round "-"]
[White "gribl83"]
[Black "MeisterM"]
[Result "1-0"]
[WhiteElo "1560"]
[BlackElo "1319"]

1. e4 e5 2. Nf3 Nc6 3. Bb5 Nb4 4. Nxe5 Bd6 5. d4 c6 6. Bc4 Nf6 7. Nxf7 Qe7 8.
Nxh8 Nxe4 9. O-O Nf6 10. Re1 Ne4 11. Qh5+ Kf8 12. Qxh7 Nf6 13. Ng6+ Ke8 14. Qh8+
Ng8 15. Qxg8# 1-0

[Event "Let's Play Chess!"]
[Site "http://www.queenalice.com/game.php?id=1262339"]
[Date "2014.3.5"]
[Round "-"]
[White "gribl83"]
[Black "ztnilz"]
[Result "1-0"]
[WhiteElo "1375"]
[BlackElo "1712"]

1. e4 e6 2. d4 f5 3. exf5 Nf6 4. fxe6 Bd6 5. exd7+ Bxd7 6. Bc4 Nc6 7. Nf3 a6 8.
O-O Bg4 9. Bg5 Be7 10. c3 b5 11. Bb3 Qd7 12. Nbd2 O-O-O 13. a4 b4 14. Re1 Rhf8
15. Be6 Bxe6 16. Qe2 bxc3 17. Qxa6+ Kb8 18. bxc3 Na7 19. Rab1+ 1-0

[Event "Let's Play Chess!"]
[Site "http://www.queenalice.com/game.php?id=1262348"]
[Date "2014.3.5"]
[Round "-"]
[White "Alice70"]
[Black "gribl83"]
[Result "0-1"]
[WhiteElo "1500"]
[BlackElo "1574"]

1. e4 e5 2. Bc4 Nf6 3. f3 Nxe4 4. fxe4 Bc5 5. Qf3 O-O 6. d3 d6 7. Nh3 Bxh3 8.
gxh3 Nc6 9. Bd5 Nd4 10. Qd1 Qh4+ 11. Kf1 Qxh3+ 12. Ke1 Nf3+ 13. Ke2 Qg2# 0-1

[Event "Let's Play Chess!"]
[Site "http://www.queenalice.com/game.php?id=1263014"]
[Date "2014.3.7"]
[Round "-"]
[White "Knighthawk"]
[Black "gribl83"]
[Result "0-1"]
[WhiteElo "1626"]
[BlackElo "1467"]

1. e4 e5 2. Bc4 Nf6 3. d4 exd4 4. Qxd4 Nc6 5. Qe3 Bb4+ 6. c3 Be7 7. Nf3 d5 8.
exd5 Nxd5 9. Bxd5 Qxd5 10. O-O O-O 11. Bd2 b6 12. Nd4 Bb7 13. Nxc6 Bxc6 14. f3
Bc5 15. Kh1 Bxe3 16. Bxe3 Rfe8 17. Bd4 Bb5 18. Rf2 Re1+ 0-1

[Event "Challenge"]
[Site "http://www.queenalice.com/game.php?id=1263363"]
[Date "2014.3.8"]
[Round "-"]
[White "gribl83"]
[Black "ztnilz"]
[Result "1-0"]
[WhiteElo "1601"]
[BlackElo "1720"]

1. e4 e6 2. d4 f5 3. exf5 Nf6 4. fxe6 Bd6 5. exd7+ Bxd7 6. Bc4 Nc6 7. Nf3 Na5 8.
Qe2+ Be7 9. O-O Nxc4 10. Qxc4 b5 11. Qb3 a5 12. Ne5 Rf8 13. Re1 a4 14. Qg3 Nh5
15. Qd3 Bf5 16. Qxb5+ Bd7 17. Nxd7 Qxd7 18. Qxh5+ g6 19. Qxh7 Kd8 20. Nc3 c6 21.
Bh6 Re8 22. d5 Kc7 23. Bf4+ 1-0

[Event "Challenge"]
[Site "http://www.queenalice.com/game.php?id=1263365"]
[Date "2014.3.8"]
[Round "-"]
[White "ztnilz"]
[Black "gribl83"]
[Result "1/2-1/2"]
[WhiteElo "1785"]
[BlackElo "1641"]

1. e4 e5 2. Nf3 Nc6 3. d4 exd4 4. e5 d6 5. exd6 Bxd6 6. Nxd4 Nxd4 7. Qxd4 h6 8.
Be3 Nf6 9. Nc3 O-O 10. O-O-O Qe7 11. Kb1 c5 12. Qxd6 Qxd6 13. Rxd6 b6 14. Bxh6
Ne8 15. Bxg7 Nxd6 16. Bxf8 Kxf8 17. h4 Bb7 18. Rg1 Re8 19. Bb5 Nxb5 20. Nxb5
Bxg2 21. b3 Bh3 22. a4 Re2 23. Rh1 Bd7 24. Rh2 Bxb5 25. axb5 Kg7 26. h5 Kh6 27.
Kb2 f5 28. Kc3 Re4 29. Rh3 Rg4 30. Kb2 Rg2 31. f3 Rg5 32. Kc3 Rxh5 33. Rxh5+
Kxh5 34. Kd3 Kg5 35. c3 Kh4 36. Ke3 Kg3 37. f4 Kg4 38. b4 cxb4 39. cxb4 Kg3
1/2-1/2

[Event "Challenge 3"]
[Site "http://www.queenalice.com/game.php?id=1265017"]
[Date "2014.3.14"]
[Round "-"]
[White "ztnilz"]
[Black "gribl83"]
[Result "0-1"]
[WhiteElo "1932"]
[BlackElo "1651"]

1. e4 e5 2. Nf3 Nc6 3. Bc4 Nf6 4. Ng5 d5 5. exd5 Nxd5 6. Nxf7 Kxf7 7. Qf3+ Ke6
8. Nc3 Nb4 9. Bb3 c6 10. d3 Kd7 11. Qf5+ Ke8 12. Qxe5+ Qe7 13. Qxe7+ Bxe7 14.
O-O Nxc3 15. bxc3 Nd5 16. Re1 Kf7 17. Rb1 Bf6 18. d4 Re8 19. Bb2 Rxe1+ 20. Rxe1
Bf5 21. c4 Nb4 22. c5+ Kf8 23. Re2 Re8 24. Rxe8+ Kxe8 25. c3 Nd3 26. Ba1 Nc1 27.
Bc4 Bd3 28. Bxd3 Nxd3 0-1

[Event "Challenge 4"]
[Site "http://www.queenalice.com/game.php?id=1265018"]
[Date "2014.3.14"]
[Round "-"]
[White "gribl83"]
[Black "ztnilz"]
[Result "1-0"]
[WhiteElo "1714"]
[BlackElo "1905"]

1. e4 e5 2. Nf3 Qe7 3. Nc3 c6 4. Bc4 g6 5. d3 Bg7 6. O-O Nf6 7. Ng5 a5 8. a4 O-O
9. b3 d6 10. Nxf7 Rxf7 11. Bxf7+ Qxf7 12. f4 exf4 13. Bxf4 Qe7 14. Qd2 Nbd7 15.
Rae1 Qd8 16. Bxd6 Nf8 17. e5 Nd5 18. Nxd5 cxd5 19. Qf2 Be6 20. c4 dxc4 21. bxc4
Qd7 22. Rb1 Qxa4 23. Rxb7 Qe8 24. Re7 Qd8 25. Qe3 a4 26. Rxg7+ Kxg7 27. Rxf8 Qa5
28. Rxa8 Qxa8 29. Qb6 Bf5 30. Qc7+ Kh6 31. Qb8 Qxb8 32. Bxb8 a3 33. e6 a2 34.
Be5 Bxe6 35. Ba1 g5 36. Kf2 Kg6 37. Ke3 Kf5 38. Kd4 Kf4 39. c5 h5 40. c6 h4 41.
Kc5 g4 42. d4 Ke3 43. d5 Bf5 44. d6 Kf2 45. d7 Bxd7 46. cxd7 Kxg2 47. d8=Q Kxh2
48. Qxh4+ 1-0

[Event "Let's Play Chess!"]
[Site "http://www.queenalice.com/game.php?id=1269162"]
[Date "2014.3.30"]
[Round "-"]
[White "gribl83"]
[Black "limonajar"]
[Result "1-0"]
[WhiteElo "1697"]
[BlackElo "1576"]

1. e4 e5 2. Nf3 Nc6 3. Bb5 a6 4. Ba4 Nf6 5. O-O Nxe4 6. Bxc6 dxc6 7. Nxe5 Qf6 8.
d4 Bd6 9. Qf3 Bf5 10. c3 O-O 11. Nd2 Nxd2 12. Bxd2 Rfe8 13. Bf4 Be6 14. Rfe1 Bd5
15. Qg3 Qf5 16. b3 b5 17. Bh6 Qf6 18. Bg5 Qf5 19. Bh6 g6 20. Qg5 Qc2 21. c4 Be6
22. Qf6 Bf8 23. Bxf8 Rxf8 24. Nxc6 h6 25. d5 Qf5 26. Ne7+ Kh7 27. Nxf5 Bxf5 28.
Re7 1-0

[Event "Challenge"]
[Site "http://www.queenalice.com/game.php?id=1271800"]
[Date "2014.4.10"]
[Round "-"]
[White "gribl83"]
[Black "INSPETOR"]
[Result "0-1"]
[WhiteElo "1780"]
[BlackElo "2124"]

1. e4 e5 2. Nf3 Nf6 3. d4 Nxe4 4. Bd3 Nc6 5. Bxe4 d5 6. Nxe5 dxe4 7. Nxc6 bxc6
8. O-O Bd6 9. Nc3 f5 10. f3 Qh4 11. g3 Bxg3 12. Qd2 Bd6 13. fxe4 O-O 14. e5 Be7
15. Rf4 Qh3 16. Qg2 Qxg2+ 17. Kxg2 Rd8 18. h4 h6 19. h5 Bg5 20. Rf3 Rxd4 21.
Bxg5 hxg5 22. Rd1 Rxd1 23. Nxd1 Be6 24. Nc3 Kf7 25. Rd3 Ke7 26. b3 Rh8 27. Rd4
Rxh5 28. Ra4 f4 29. Rxa7 g4 30. Rxc7+ Bd7 31. Kf1 Rxe5 32. Ne2 g5 33. Ra7 g3 0-1

[Event "Challenge 5"]
[Site "http://www.queenalice.com/game.php?id=1273039"]
[Date "2014.4.14"]
[Round "-"]
[White "ztnilz"]
[Black "gribl83"]
[Result "1/2-1/2"]
[WhiteElo "1920"]
[BlackElo "1806"]

1. e4 e6 2. c4 d5 3. exd5 exd5 4. d4 Nf6 5. Nc3 Bb4 6. Bg5 O-O 7. Nf3 Qe8+ 8.
Be2 Ne4 9. Bd2 Nxd2 10. Qxd2 dxc4 11. O-O b5 12. Rfe1 Qd8 13. a4 c6 14. Qc2 a6
15. Red1 Bg4 16. axb5 cxb5 17. Nxb5 Nc6 18. d5 axb5 19. dxc6 Rxa1 20. Rxa1 Qb6
21. Qe4 Bxf3 22. Bxf3 Bc5 23. Qc2 Re8 24. g3 Bd4 25. Be4 h5 26. Re1 Kf8 27. Re2
h4 28. gxh4 Qc7 29. Bg2 Rxe2 30. Qxe2 Qf4 31. Qf3 Qxf3 32. Bxf3 Be5 33. h3 Ke7
34. Kf1 Kd6 35. Ke2 1/2-1/2

[Event "Challenge 6"]
[Site "http://www.queenalice.com/game.php?id=1273040"]
[Date "2014.4.14"]
[Round "-"]
[White "gribl83"]
[Black "ztnilz"]
[Result "1-0"]
[WhiteElo "1777"]
[BlackElo "1952"]

1. e4 e6 2. d4 d5 3. e5 c5 4. c3 Nc6 5. Nf3 Bd7 6. Be2 Nge7 7. O-O cxd4 8. cxd4
h6 9. Nc3 a6 10. Bd3 Qc7 11. Be3 Nc8 12. a3 b5 13. Rc1 Qb7 14. b4 Be7 15. Nd2
N6a7 16. Nb3 Nb6 17. Qg4 g6 18. Nc5 Qc8 19. a4 Qb8 20. a5 Nbc8 21. Nxd7 Kxd7 22.
Nxd5 h5 23. Qh3 g5 24. Nc7 g4 25. Qg3 Qxc7 26. Rxc7+ 1-0

[Event "Let's Play Chess!"]
[Site "http://www.queenalice.com/game.php?id=1273100"]
[Date "2014.4.14"]
[Round "-"]
[White "igorjava"]
[Black "gribl83"]
[Result "0-1"]
[WhiteElo "1909"]
[BlackElo "1749"]

1. e4 e6 2. Nf3 d5 3. e5 c5 4. c3 c4 5. b3 cxb3 6. axb3 g6 7. d4 Bg7 8. Bg5 Ne7
9. Qd2 O-O 10. Bh6 Bxh6 11. Qxh6 Nf5 12. Qf4 f6 13. Bd3 fxe5 14. Nxe5 Nd7 15.
O-O Nxe5 16. Qxe5 Qb6 17. Nd2 Bd7 18. c4 Qxd4 19. Qxd4 Nxd4 20. cxd5 exd5 21.
Rfe1 Bf5 22. Be2 Nc2 23. Bf3 Nxa1 24. Rxa1 Kh8 25. Bxd5 Rad8 26. Ra5 b6 27. Rb5
Bd3 28. Bc4 Bxc4 29. Nxc4 Rd1# 0-1

[Event "Challenge nº 06"]
[Site "http://www.queenalice.com/game.php?id=1289385"]
[Date "2014.6.20"]
[Round "-"]
[White "ztnilz"]
[Black "gribl83"]
[Result "0-1"]
[WhiteElo "1878"]
[BlackElo "1833"]

1. e4 e6 2. Nf3 d5 3. e5 c5 4. c4 d4 5. d3 g6 6. Bd2 Bg7 7. Ng5 Bxe5 8. f4 Bf6
9. Ne4 b6 10. g3 Bb7 11. Bg2 Bc6 12. Qe2 Nh6 13. Nxf6+ Qxf6 14. a4 a5 15. Bxc6+
Nxc6 16. Na3 O-O 17. Nb5 Nb4 18. O-O-O Qf5 19. Be1 Qg4 20. Qxg4 Nxg4 21. h3 Ne3
22. Rd2 Rae8 23. g4 f5 24. g5 e5 25. Nd6 Re6 26. fxe5 Rxe5 27. Bg3 f4 28. Bh4 f3
29. Ne4 Ref5 30. Nf2 Ng2 0-1

[Event "Challenge nº 07"]
[Site "http://www.queenalice.com/game.php?id=1289386"]
[Date "2014.6.20"]
[Round "-"]
[White "gribl83"]
[Black "ztnilz"]
[Result "1-0"]
[WhiteElo "1811"]
[BlackElo "1878"]

1. e4 c5 2. Nf3 d6 3. d4 Nf6 4. Nc3 cxd4 5. Nxd4 a6 6. Bd3 e5 7. Nf3 Be7 8. O-O
O-O 9. Be3 b5 10. Nd5 Bb7 11. Bb6 Qd7 12. Nc7 Nc6 13. Nxa8 Rxa8 14. a4 bxa4 15.
Rxa4 d5 16. exd5 Qxd5 17. Bc4 Qxd1 18. Rxd1 h6 19. Bd5 Nxd5 20. Rxd5 Bd8 21.
Bxd8 Nxd8 22. Rxe5 Bxf3 23. Re8+ Kh7 24. gxf3 Rb8 25. Rxa6 Nc6 26. Rxb8 Nxb8 27.
Ra4 1-0

[Event "Let's Play Chess!"]
[Site "http://www.queenalice.com/game.php?id=1633353"]
[Date "2020.11.19"]
[Round "-"]
[White "charles31"]
[Black "gribl83"]
[Result "0-1"]
[WhiteElo "1692"]
[BlackElo "1854"]

1. e4 c5 2. Nc3 e6 3. d4 cxd4 4. Qxd4 Nc6 5. Qd1 Nf6 6. Bd3 Bb4 7. Bd2 O-O 8. h3
d5 9. exd5 Nxd5 10. Nxd5 Qxd5 11. Bxb4 Nxb4 12. Ne2 Qxg2 13. Ng3 Nxd3+ 14. Qxd3
e5 15. O-O-O Qxf2 16. Rdf1 Qb6 17. Qd5 Qe3+ 18. Kb1 Qxg3 19. h4 Be6 20. Qe4 f5
21. Qxb7 Rab8 22. Qe7 Rxb2+ 23. Kxb2 Rb8+ 24. Kc1 Qe3+ 0-1

[Event "Challenge"]
[Site "http://www.queenalice.com/game.php?id=1635159"]
[Date "2020.12.3"]
[Round "-"]
[White "MADMIKE"]
[Black "gribl83"]
[Result "0-1"]
[WhiteElo "1836"]
[BlackElo "1863"]

1. d4 Nf6 2. d5 c6 3. Nc3 cxd5 4. Nxd5 e6 5. Nc3 d5 6. a3 Bc5 7. e3 O-O 8. Nf3
a6 9. Bd3 b5 10. O-O Nbd7 11. b4 Bd6 12. e4 dxe4 13. Nxe4 Bb7 14. Nxd6 Qc7 15.
Nxb7 Qxb7 16. Bb2 Rac8 17. Ne5 Nxe5 18. Bxe5 Nd5 19. Qg4 g6 20. Qe2 f6 21. Bd6
Rfd8 22. Bc5 Nf4 23. Qg4 e5 24. Rad1 h5 25. Qh4 Qxg2# 0-1

[Event "Challenge"]
[Site "http://www.queenalice.com/game.php?id=1635160"]
[Date "2020.12.3"]
[Round "-"]
[White "gribl83"]
[Black "MADMIKE"]
[Result "1-0"]
[WhiteElo "1878"]
[BlackElo "1798"]

1. e4 e5 2. Nf3 d6 3. Bc4 h6 4. Nc3 Nf6 5. O-O Be7 6. h3 O-O 7. d4 exd4 8. Nxd4
Nc6 9. Be3 a6 10. a3 Na5 11. Ba2 c5 12. Nf5 Bxf5 13. exf5 b6 14. Nd5 Nxd5 15.
Bxd5 Rb8 16. c4 Bf6 17. Qc2 b5 18. Rab1 bxc4 19. Rfd1 Be5 20. Re1 Kh8 21. g4 f6
22. Bd2 Nb3 23. Bc3 Nd4 24. Qa4 Qc8 25. Qxc4 Re8 26. Bf7 Rf8 27. Bxd4 Bxd4 28.
Re2 Rb7 29. Bd5 Rc7 30. Rbe1 Be5 31. Kg2 a5 32. f4 Bd4 33. Qb5 Ra7 34. Re8 Rxe8
35. Rxe8+ Qxe8 36. Qxe8+ Kh7 37. Qg8# 1-0